Colombia diversidad biótica III (Registro nro. 437)

Detalles MARC
000 -CABECERA
Campo de control 00909nam a2200253 a 4500
005 - FECHA Y HORA DE LA ULTIMA TRANSACCION
Campo de control 20150921114134.0
008 - ELEMENTOS DE LONGITUD FIJA—INFORMACION GENERAL
Campo de control 130621b xxu||||| |||| 00| 0 eng d
040 ## - FUENTE DE CATALOGACIÓN
Agencia transcriptora IAVH
Agencia catalogadora original CO-BoIAVH
041 ## - IDIOMA
Código de idioma para texto/pista de sonido o título separado Español
082 ## - NUMERO DE CLASIFICACION DECIMAL DEWEY
Número de clasificación 574.52 C718c
Número del ítem C718c
100 ## - ASIENTO PRINCIPAL--NOMBRE PERSONAL
Nombre personal Aguilar P., Mauricio
245 ## - MENCION DE TITULO
Título Colombia diversidad biótica III
Parte restante del título La región de vida paramuna
260 ## - PUBLICACION, DISTRIBUCION, ETC. (PIE DE IMPRENTA)
Lugar de publicación, distribución, etc. Bogotá
Nombre del editor, distribuidor, etc. ICN
-- INDERENA
Fecha de publicación, distribución, etc. 1995
300 ## - DESCRIPCION FISICA
Extensión 4 vol.
650 ## - ASIENTO SECUNDARIO DE MATERIA - TERMINO TEMATICO
Término temático o nombre geográfico como elemento de entrada Clima
650 ## - ASIENTO SECUNDARIO DE MATERIA - TERMINO TEMATICO
Término temático o nombre geográfico como elemento de entrada Páramo
662 ## - ASIENTO SECUNDARIO DE MATERIA - JERARQUIA DEL NOMBRE DE LUGAR(
País o entidad mayor Colombia
Jurisdicción política intermedia Parque Nacional Natural La Macarena
Jurisdicción política de primer orden Amazonas
662 ## - ASIENTO SECUNDARIO DE MATERIA - JERARQUIA DEL NOMBRE DE LUGAR(
País o entidad mayor Colombia
Jurisdicción política intermedia Parque Nacional Natural Amacayacu
Jurisdicción política de primer orden Amazonas
662 ## - ASIENTO SECUNDARIO DE MATERIA - JERARQUIA DEL NOMBRE DE LUGAR(
País o entidad mayor Colombia
Jurisdicción política intermedia Parque Nacional Natural Los Nevados
Jurisdicción política de primer orden Caldas, Risaralda, Quindío y Tolima
662 ## - ASIENTO SECUNDARIO DE MATERIA - JERARQUIA DEL NOMBRE DE LUGAR(
País o entidad mayor Colombia
Jurisdicción política intermedia Parque Nacional Natural Tayrona
Jurisdicción política de primer orden Magdalena
700 ## - ASIENTO SECUNDARIO - NOMBRE PERSONAL
Nombre personal Rangel Ch., J. Orlando
700 ## - ASIENTO SECUNDARIO - NOMBRE PERSONAL
Nombre personal Estrada Montes, Catalina
942 ## - ELEMENTOS ADICIONALES (KOHA)
Tipo de ítem Artículo
Sistema de clasificación Dewey Decimal Classification
Koha issues (borrowed), all copies 1
Existencias
Withdrawn status Lost status Sistema de Clasificación Damaged status No para préstamo Colección Inventariado Ubicación Permanente Ubicación actual Fecha de adquisición Fuente de Valor Valor Total Checkouts Número topográfico Inventario / Código de Barras Date last seen Ejemplar Price effective from Forma de adquisición Tipo de material
    Dewey Decimal Classification     Entomología Inventariado 2017 Villa de Leyva Villa de Leyva 01/05/1998 Instituto 39000.00   LB-00418 000528 23/10/2017 V. 3 Ej. 2 04/12/2012   Libro
    Dewey Decimal Classification     Botánica Inventariado 2017 Villa de Leyva Villa de Leyva 06/11/2001 Instituto 39000.00   LB-00418 000592 04/12/2012 V. 3 Ej. 3 04/12/2012   Libro